000 00590nam a2200181 i 4500
001 30391
003 ES-MaACL
005 20230906154203.0
007 t|
008 030124s1909 it ||||1| ita d
100 1 _aBarth, Paul.
_926106
245 1 0 _aPrincipi di pedagogia e didactica
_b: fondati sulla moderna psicologĂ­a /
_cPaul Barth ; tradotti da Sophia e Francesco Orestano.
260 _aMilano :
_b[s.n.,
_c1909] (
_fVicenzo Bona)
300 _aXII, 472 p. ;
_c24 cm.
700 1 _aOrestano, Sophia.
_987237
700 1 _aOrestano, Francesco.
_987236
852 _aES-MaACL
_jF-12692
999 _c30391
_d30391